<?xml version="1.0" encoding="UTF-8"?>
<record
    xmlns:xsi="http://www.w3.org/2001/XMLSchema-instance"
    xsi:schemaLocation="http://www.loc.gov/MARC21/slim http://www.loc.gov/standards/marcxml/schema/MARC21slim.xsd"
    xmlns="http://www.loc.gov/MARC21/slim">

  <leader>00540nam a22001577a 4500</leader>
  <controlfield tag="003">OSt</controlfield>
  <controlfield tag="005">20221027145720.0</controlfield>
  <controlfield tag="008">221027b        |||||||| |||| 00| 0 eng d</controlfield>
  <datafield tag="040" ind1=" " ind2=" ">
    <subfield code="c">Biblioteca Lado V</subfield>
  </datafield>
  <datafield tag="082" ind1=" " ind2=" ">
    <subfield code="2">860</subfield>
    <subfield code="a">AD231r</subfield>
  </datafield>
  <datafield tag="100" ind1=" " ind2=" ">
    <subfield code="9">209</subfield>
    <subfield code="a">Adelstein, Gabriela</subfield>
    <subfield code="e">editora</subfield>
  </datafield>
  <datafield tag="245" ind1=" " ind2=" ">
    <subfield code="a">RIAA/</subfield>
    <subfield code="b">Residencia Internacional de Artistas en Argentina/</subfield>
  </datafield>
  <datafield tag="260" ind1=" " ind2=" ">
    <subfield code="a">Argentina</subfield>
    <subfield code="b">Fundaci&#xF3;n pr&#xED;ncipe Claus para la cultura y el desarrollo</subfield>
    <subfield code="c">2007</subfield>
  </datafield>
  <datafield tag="300" ind1=" " ind2=" ">
    <subfield code="a">144p.</subfield>
    <subfield code="c">22x15cm</subfield>
  </datafield>
  <datafield tag="942" ind1=" " ind2=" ">
    <subfield code="2">ddc</subfield>
    <subfield code="c">1</subfield>
    <subfield code="e">2 edici&#xF3;n </subfield>
    <subfield code="h">860</subfield>
    <subfield code="i">AD231r</subfield>
    <subfield code="n">0</subfield>
  </datafield>
  <datafield tag="999" ind1=" " ind2=" ">
    <subfield code="c">2366</subfield>
    <subfield code="d">2366</subfield>
  </datafield>
  <datafield tag="952" ind1=" " ind2=" ">
    <subfield code="0">0</subfield>
    <subfield code="1">0</subfield>
    <subfield code="2">ddc</subfield>
    <subfield code="4">0</subfield>
    <subfield code="7">0</subfield>
    <subfield code="a">LV</subfield>
    <subfield code="b">LV</subfield>
    <subfield code="d">2022-10-27</subfield>
    <subfield code="i">001831</subfield>
    <subfield code="l">0</subfield>
    <subfield code="o">860 AD231r</subfield>
    <subfield code="p">001831</subfield>
    <subfield code="r">2022-10-27 00:00:00</subfield>
    <subfield code="w">2022-10-27</subfield>
    <subfield code="y">1</subfield>
  </datafield>
</record>
